Les romans de Stephen King - Statistiques

Statistiques générales
  • Ce quiz a été pris 262 fois
  • Le résultat moyen est 17 sur 37
Statistiques - réponses
Résumé Livre % Correct
Une bande de gamins qui tente de vaincre un clown mangeur d'enfants Ca
99%
Adolescente timide victime du fanatisme religieux de sa mère,, invitée à un bal du lycée Carrie
94%
Un père de famille qui s'installe dans un hôtel hanté et abandonné Shining
88%
Dans une prison, un condamné à mort aux exceptionnels pouvoirs de guérison La Ligne verte
87%
Une infirmière qui ne supporte pas qu'un écrivain est fait mourir son personnage fétiche Misery
75%
Un adolescent qui tombe amoureux d'une voiture Christine
70%
Un saint-bernard aussi impressionnant que débonnaire, se fit mordre par une chauve-souris Cujo
69%
Une famille qui fait ressusciter un enfant Simetierre
64%
Cent concurrents au départ, un seul à l'arrivée. Pour les autres, une balle dans la tête. Marche ou crève
62%
Danny Torrance devenu aide soignant, qui utilise ses pouvoirs pour apaiser les mourants Docteur Sleep
56%
Un professeur remonte le temps pour empêcher l'assassinat de Kennedy 22/11/63
54%
Des enfants possédant des pouvoirs psychiques sont enfermés dans un établissement L'institut
53%
Une enfant qui a le pouvoir de mettre le feu à tout Charlie
52%
Une femme enchaînée nue à son lit Jessie
51%
Un jeune homme écrase une foule de gens et disparaît sans laisser de trace. Des années après, il décide de recommencer Mr Mercèdes
51%
Une paisible petite bourgade où il se passe des choses étranges : un enfant disparaît, un chien s'immole .... Salem
46%
Un étudiant qui se fait embaucher dans une fête foraine et qui voit des fantômes dans le train hanté Joyland
44%
Les personnages deviennent zombies quand ils répondent au téléphone Cellulaire
43%
Un candidat à la Maison-Blanche, est un fou criminel, grand admirateur de Hitler et d'autres maniaques de l'extermination. Un seul homme peut l'arrêter : Celui qui lit l'avenir Dead Zone
42%
Une petite fille fan de baseball qui est perdue dans la forêt La petite fille qui aimait Tom Gordon
41%
Un phénomène inexplicable s'empare des femmes à travers la planète : une sorte de cocon les enveloppe durant leur sommeil et si l'on tente de les réveiller, on prend le risque de les transformer en véritables furies vengeresses. Sleeping Beauties
36%
Une gouvernante est accusée du meurtre de sa patronne et doit raconter ce qu'elle a vu il y a 30 ans de ça Dolores Claiborne
33%
Un corps d'enfant, un entraîneur de baseball arrêté malgré un alibi irréfutable L'outsider
33%
Quatre amis se retrouvent annuellement pour une partie de chasse dans une forêt pleine de forces étranges Dreamcatcher
32%
Un écrivain cherche à comprendre pourquoi sa femme est morte. Cette dernière effectuait des recherches sur son passé et la maison qu'ils venaient d'acheter Sac d'os
31%
Une île de Floride, hantée par des forces mystérieuses, qu'un artiste va devoir combattre Duma Key
30%
Roman sur une année qui conte les péripéties d'un lycanthrope L'année du loup -garou
30%
Une femme victime de violences conjugales fuit son mari et trouve refuge dans un tableau Rose Madder
30%
Un révérend et un enfant ont une passion commune : L'électricité Revival
28%
Des visions étranges peuplent les nuits insomniaques de Ralph Roberts : deux nains en blouse blanche, une paire de ciseaux à la main Insomnie
27%
Un célèbre écrivain qui écrit sous un faux nom décide de tuer cet avatar La part des ténèbres
27%
Un enfant élevé seul par sa mère, qui voit des morts Après
26%
Un flic étrange arrête des voyageurs sous des prétextes vagues, puis les contraint de le suivre à la ville voisine. Et là, le cauchemar commence Désolation
26%
L'ombre de Flagg plane depuis quatre siècles sur le royaume de Delain... Le jour où la silhouette du sinistre magicien se glisse derrière le trône du roi Roland, c'est en vue d'accomplir son noir dessein : assurer le triomphe du mal. Les yeux du dragon
25%
Ned Wilcox veut comprendre le lien entre une mystérieuse voiture et la mort de son père Roadmaster
24%
Une veuve se met à lire les ecrits troublants de son mari fraîchement disparu Histoire de Lisey
18%
Deux vieux journalistes mènent l'enquête sur le meurtre d'une femme retrouvée morte avec un morceau de steak dans la bouche Colorado Kid
11%
Aucun quiz correspondant
Distribution des résultats
% des personnes avec chaque résultat
Percentile par nombre de réponses
Votre historique - résultats
Vous n’avez pas pris ce quiz